000 00578nam a22002057a 4500
999 _c4704
_d4704
003 AR-CdUCM
008 190311b ||||| |||| 00| 0 spa d
040 _aMUNICIPALIDAD PROVINCIAL DEL CUSCO
_cBIBLIOTECA MUNICIPAL DEL CUSCO
082 _a861.08 /
_bG91
100 _aGuillén, Rafael
_914597
245 _aElegía /
260 _aGranada :
_bImprenta Guevara,
_c1961.
300 _a14 páginas ;
_c18 cm.
440 _aVeleta al sur
_914598
500 _aDonación familia Nieto
650 _aPoesia
_91598
650 _aSiglo XX
_98
942 _2ddc
_cLIBROS
945 _aafb